=LDR 00000nam 2200000 4500 =001 NUTBA000000000003409 =005 20140818153805.0 =006 =007 =008 =020 ##$$a 978-602-855-986-425-0 =035 ##$$a 0010-081400000000254 =040 ##$$a NBPDMAT =082 ##$$a 372.7 =090 ##$$a 372.7 $b Jan k =100 ##$$a Janu Ismadi =245 ##$$a Keharmonisan relasi dan fungsi / $c Janu Ismadi =260 ##$$a Yogyakarta : $b Andi, $c 2012 =300 ##$$a vii, 48 hlm. : $b ilus. ; $c 24 cm. =650 ##$$a Matematika-SD =990 ##$$a 21405127 =990 ##$$a 0001/BPAP-NTB/20142014 =990 ##$$a 0001/BPAP-NTB/20142014 =990 ##$$a 0001/BPAP-NTB/20142014 =990 ##$$a 0001/BPAP-NTB/20142014 =990 ##$$a 0001/BPAP-NTB/20142014 =990 ##$$a 0001/BPAP-NTB/20142014 =990 ##$$a 0001/BPAP-NTB/20142014